Tratado práctico de sociedades mercantiles

Spremljeno u:
Bibliografski detalji
Glavni autor: Gay de Montellá, R (Autor)
Format: Knjiga
Jezik:španjolski
Izdano: Barcelona Bosch 1947
Izdanje:4a. ed
Teme:
Oznake: Dodaj oznaku
Bez oznaka, Budi prvi tko označuje ovaj zapis!

MARC

LEADER 00000nam a2200000 a 4500
001 UCS1839
003 CL-VaPUC
008 970515e19470000SP |||||||||||||||||spa|d
082 0 4 |a 346.066  |b GAY  |2 21 
100 |a Gay de Montellá, R  |e author  |9 387021 
245 1 0 |a Tratado práctico de sociedades mercantiles 
250 |a 4a. ed 
300 |a v 
942 |c BK 
945 |d 19970515 00:00:00  |a paguirre 
260 |a Barcelona  |b Bosch  |c 1947 
500 |a v.2: Tratado de compañías anónimas. Legislación comercial y tributaria 
650 0 |a Derecho comercial   |9 256340 
650 0 |a Sociedades  |9 259052 
650 0 |a Sociedades anónimas  |9 255387 
650 0 |a Empresas   |9 255569 
650 0 |a Personas jurídicas  |9 257259 
583 |a last modification  |c 19970515 00:00:00  |k Rodrigo Vera 
999 |c 259871  |d 259869 
952 |0 0  |1 0  |4 0  |6 346_066000000000000_GAY_1947  |7 0  |8 A  |9 285369  |a BIBDER  |b BIBDER  |d 2019-11-19  |h v.2  |i 1853821  |o 346.066 GAY 1947  |p 1853821  |r 2023-01-25  |w 2019-11-19  |y BK  |k DER